Sports Quiz

Random Sports or NCAA Quiz

Final Four Coaches (Men's) Quiz Stats

 Plays Quiz Updated Mar 25, 2018

Challenge
Share
Tweet
Embed
Score 0/116 Timer 08:00
3 Plays Today
% Correct
Roy Williams
94.3%
Roy Williams
94.3%
Roy Williams
94.3%
Roy Williams
94.3%
Roy Williams
94.3%
Roy Williams
94.3%
Roy Williams
94.3%
Tom Izzo
93%
Tom Izzo
93%
Tom Izzo
93%
Tom Izzo
93%
Tom Izzo
93%
Gary Williams
92.7%
Gary Williams
92.7%
Richard Williams
91%
Mike Krzyzewski
90.8%
Mike Krzyzewski
90.8%
Mike Krzyzewski
90.8%
Mike Krzyzewski
90.8%
Mike Krzyzewski
90.8%
Mike Krzyzewski
90.8%
Mike Krzyzewski
90.8%
John Calipari
90.3%
John Calipari
90.3%
Tom Izzo
89.7%
Mike Krzyzewski
89.7%
Roy Williams
89.7%
Roy Williams
89.6%
John Calipari
89.5%
Rick Pitino
89.2%
Rick Pitino
89.1%
John Calipari
88.8%
Mike Krzyzewski
87.6%
John Calipari
87.5%
John Calipari
87.5%
Tom Izzo
87.2%
Billy Donovan
84.9%
Billy Donovan
84.9%
Billy Donovan
84.9%
% Correct
Jim Boeheim
84.5%
Dean Smith
84.4%
Dean Smith
84.4%
Dean Smith
84.4%
Dean Smith
84.4%
Bill Self
84.2%
Tubby Smith
84.2%
Jim Calhoun
83.4%
Jim Calhoun
83.4%
Jim Calhoun
83.4%
Rick Pitino
83%
Rick Pitino
83%
Rick Pitino
83%
Rick Pitino
83%
Bill Self
82.8%
Bill Self
82.7%
Billy Donovan
82.6%
Jim Calhoun
81.3%
Jim Boeheim
80.6%
Jim Boeheim
80%
Jim Boeheim
80%
Jay Wright
78.5%
Bob Huggins
78.4%
Bob Huggins
76.4%
Jay Wright
74.2%
John Thompson III
73.1%
Bobby Knight
72%
Shaka Smart
71.7%
Brad Stevens
69.8%
Thad Matta
68.6%
Bo Ryan
68.4%
Bo Ryan
68.1%
Mark Few
67.8%
Thad Matta
66.5%
Lute Olson
65.2%
Lute Olson
65.2%
Lute Olson
65.2%
Kevin Ollie
64.8%
Jay Wright
62.7%
% Correct
John Beilein
59.4%
Frank Martin
55%
Ben Howland
52.9%
Ben Howland
52.9%
Ben Howland
52.9%
Brad Stevens
52.1%
John Beilein
50.6%
Rick Barnes
50%
Jerry Tarkanian
49.2%
Jerry Tarkanian
49.2%
Bruce Weber
47.6%
Nolan Richardson
46.7%
Nolan Richardson
46.7%
Nolan Richardson
46.7%
Eddie Sutton
45.7%
Eddie Sutton
45.7%
Lon Kruger
45.3%
Tom Crean
44.8%
Mike Davis
42%
Rick Majerus
40.6%
Dana Altman
40.5%
Kelvin Sampson
40.4%
Steve Fisher
38.9%
Steve Fisher
38.9%
Gregg Marshall
38.9%
Paul Hewitt
34.9%
Mike Montgomery
28.7%
Bobby Cremins
27.9%
Porter Moser
26.7%
Jim Larranaga
25.7%
Bill Guthridge
25.2%
Bill Guthridge
25.2%
Jim Harrick
22.2%
Jim O'Brien
20.6%
Lon Kruger
19.9%
Dick Bennett
19.2%
Clem Haskins
15.5%
John Brady
14.2%

You're not logged in!

Compare scores with friends on all Sporcle quizzes.
OR
Log In

You Might Also Like...

Show Comments

Extras

Top Quizzes Today


Score Distribution

Your Account Isn't Verified!

In order to create a playlist on Sporcle, you need to verify the email address you used during registration. Go to your Sporcle Settings to finish the process.

Report this User

Report this user for behavior that violates our Community Guidelines.

Details: